000 00701nam a22002297a 4500
003 URS
005 20250828100516.0
008 250327b ||||| |||| 00| 0 eng d
040 _cURS
050 _aHJ257.3
_b.T319 2011
100 _911804
_aTanous, Peter J.
245 _aDebt, deficits, and the demise of the American economy
264 _aHoboken, N.J.
_bWiley
_c©2011
336 _2rdacontent
_atext
337 _2rdamedia
_aunmediated
338 _2rdacarrier
_avolume
650 0 _911805
_aInvestments
_xUnited States.
650 0 _911806
_aStock Price Forecasting
_xUnited States.
650 0 _911807
_aBusiness Forecasting
_xUnited States.
700 _911808
_aCox, Jeff
942 _2lcc
_cCR
999 _c85086
_d85084